[Event "Ukrainian Women - 2013"]
[Site "http://ukrchess.org.ua/"]
[Date "2013.06.26"]
[Round "9.5"]
[White "Tansiura, Maria"]
[Black "Kalinina, Olga"]
[Result "1/2-1/2"]
[LiveChessVersion "1.4.2"]
[BlackElo "2292"]
[WhiteElo "2195"]

1. e4 {[%clk 1:30:58]} c5 {[%clk 1:30:59]} 2. Nf3 {[%clk 1:31:23]} e6
{[%clk 1:31:25]} 3. d4 {[%clk 1:31:50]} cxd4 {[%clk 1:31:51]} 4. Nxd4
{[%clk 1:32:15]} a6 {[%clk 1:32:17]} 5. Bd3 {[%clk 1:32:39]} Nf6 {[%clk 1:32:28]}
6. O-O {[%clk 1:33:00]} Qc7 {[%clk 1:32:17]} 7. Nd2 {[%clk 1:33:12]} d6
{[%clk 1:32:20]} 8. Qe2 {[%clk 1:25:21]} g6 {[%clk 1:31:58]} 9. f4
{[%clk 1:21:09]} Bg7 {[%clk 1:29:51]} 10. Kh1 {[%clk 1:18:26]} O-O
{[%clk 1:29:40]} 11. N2f3 {[%clk 1:07:46]} Nbd7 {[%clk 1:14:58]} 12. c3
{[%clk 0:55:48]} b5 {[%clk 1:06:36]} 13. e5 {[%clk 0:48:02]} Nd5 {[%clk 1:02:46]}
14. Re1 {[%clk 0:48:02]} Nc5 {[%clk 0:55:53]} 15. Bc2 {[%clk 0:41:11]} Bb7
{[%clk 0:53:24]} 16. Qf2 {[%clk 0:41:02]} b4 {[%clk 0:44:16]} 17. c4
{[%clk 0:39:08]} Nb6 {[%clk 0:44:29]} 18. b3 {[%clk 0:39:14]} d5 {[%clk 0:37:59]}
19. cxd5 {[%clk 0:35:59]} Nxd5 {[%clk 0:37:42]} 20. Bd2 {[%clk 0:35:23]} Qe7
{[%clk 0:36:39]} 21. Rac1 {[%clk 0:30:43]} Rfc8 {[%clk 0:34:29]} 22. Ng5
{[%clk 0:28:35]} Rc7 {[%clk 0:32:22]} 23. Qg3 {[%clk 0:21:57]} Rac8
{[%clk 0:28:09]} 24. f5 {[%clk 0:14:26]} gxf5 {[%clk 0:20:33]} 25. Bxf5
{[%clk 0:14:08]} h6 {[%clk 0:15:41]} 26. Ngf3 {[%clk 0:13:34]} Kh8
{[%clk 0:14:25]} 27. Bb1 {[%clk 0:13:13]} Nc3 {[%clk 0:12:37]} 28. Bxc3
{[%clk 0:10:59]} bxc3 {[%clk 0:13:06]} 29. Re3 {[%clk 0:08:01]} c2
{[%clk 0:09:58]} 30. Rxc2 {[%clk 0:07:31]} Ne4 {[%clk 0:07:39]} 31. Qe1
{[%clk 0:07:40]} Ng5 {[%clk 0:07:27]} 32. Rxc7 {[%clk 0:05:40]} Rxc7
{[%clk 0:07:56]} 33. Ng1 {[%clk 0:03:56]} Qc5 {[%clk 0:07:37]} 34. Qd2
{[%clk 0:01:29]} Bxe5 {[%clk 0:06:02]} 35. Nde2 {[%clk 0:01:52]} Bf6
{[%clk 0:05:30]} 36. Rh3 {[%clk 0:01:07]} Qd5 {[%clk 0:03:58]} 37. Rxh6+
{[%clk 0:00:59]} Kg7 {[%clk 0:04:24]} 38. Qxd5 {[%clk 0:01:18]} Bxd5
{[%clk 0:04:53]} 39. Rh4 {[%clk 0:01:30]} Be7 {[%clk 0:02:41]} 40. Ra4
{[%clk 0:31:29]} Bb7 {[%clk 0:31:46]} 41. h4 {[%clk 0:26:38]} Nh7
{[%clk 0:28:37]} 42. Be4 {[%clk 0:26:54]} Bc8 {[%clk 0:26:14]} 43. Bd3
{[%clk 0:26:41]} Rc6 {[%clk 0:23:42]} 44. Nf3 {[%clk 0:23:05]} f5
{[%clk 0:22:08]} 45. Nfd4 {[%clk 0:12:45]} Rd6 {[%clk 0:21:36]} 46. Rc4
{[%clk 0:13:11]} Bd7 {[%clk 0:21:16]} 47. Rc7 {[%clk 0:13:18]} Kf8
{[%clk 0:18:17]} 48. Ra7 {[%clk 0:09:41]} e5 {[%clk 0:14:31]} 49. Bxf5
{[%clk 0:10:06]} exd4 {[%clk 0:14:49]} 50. Rxd7 {[%clk 0:10:34]} Rxd7
{[%clk 0:13:51]} 51. Bxd7 {[%clk 0:11:01]} d3 {[%clk 0:13:25]} 52. Nc3
{[%clk 0:11:29]} d2 {[%clk 0:12:57]} 53. g3 {[%clk 0:10:08]} Nf6 {[%clk 0:13:22]}
54. Bf5 {[%clk 0:10:24]} Nd5 {[%clk 0:09:36]} 55. Nd1 {[%clk 0:10:49]} Kg7
{[%clk 0:09:33]} 56. Kg2 {[%clk 0:11:12]} Kf6 {[%clk 0:10:00]} 57. Be4
{[%clk 0:10:59]} Nc7 {[%clk 0:08:13]} 58. Kf3 {[%clk 0:11:08]} Ke5
{[%clk 0:08:40]} 59. Bb1 {[%clk 0:10:34]} Kd4 {[%clk 0:06:09]} 60. Ke2
{[%clk 0:10:59]} Bd6 {[%clk 0:06:33]} 61. g4 {[%clk 0:09:41]} Bg3
{[%clk 0:05:15]} 62. h5 {[%clk 0:10:07]} Bf4 {[%clk 0:05:38]} 63. Bd3
{[%clk 0:09:24]} Nd5 {[%clk 0:04:30]} 64. Bf5 {[%clk 0:05:23]} Bg5
{[%clk 0:03:59]} 65. a3 {[%clk 0:04:44]} Nc3+ {[%clk 0:01:39]} 66. Nxc3
{[%clk 0:04:03]} Kxc3 {[%clk 0:02:08]} 67. b4 {[%clk 0:03:37]} 1/2-1/2